Statistics for All teams in top 5 league 23-24

Click here to take the quiz!

General Stats

  • This quiz has been taken 64 times
  • The average score is 43 of 96

Answer Stats

HintAnswer% Correct
Premier LeagueArsenal
100%
Premier LeagueManchester City
100%
Premier LeagueManchester United
100%
Premier LeagueAston Villa
94%
Premier LeagueLiverpool
94%
LaLigaBarcelona
91%
Premier LeagueChelsea
91%
LaLigaReal Madrid
91%
Premier LeagueTottenham Hotspur
91%
Premier LeagueNewcastle United
88%
Premier LeagueEverton
85%
Premier LeagueLuton Town
85%
LaLigaAtletico Madrid
79%
Premier LeagueBrighton
79%
Premier LeagueBurnley
76%
Premier LeagueWest Ham
76%
BundesligaBayern Munich
73%
Premier LeagueWolverhampton Wanderers
73%
Serie AAC Milan
70%
Serie AInter Milan
70%
Premier LeagueNottingham Forest
70%
Premier LeagueSheffield United
70%
Premier LeagueBrentford
67%
BundesligaDortmund
67%
LaLigaSevilla
67%
Serie AJuventus
64%
Serie ANapoli
64%
Premier LeagueBournemouth
61%
Premier LeagueCrystal Palace
61%
Ligue 1Paris Saint Germain
61%
LaLigaReal Sociedad
61%
Premier LeagueFulham
58%
BundesligaBayer Leverkusen
55%
LaLigaReal Betis
55%
LaLigaAthletic Club de Bilbao
52%
Serie ALazio
52%
Serie ARoma
52%
LaLigaValencia
52%
LaLigaGirona
48%
Ligue 1Lille
48%
Ligue 1Marseille
45%
BundesligaRed Bull Leipzig
45%
Ligue 1Lyon
42%
BundesligaVFB Stuttgart
42%
BundesligaEintracht Frankfurt
39%
BundesligaUnion Berlin
39%
BundesligaAugsburg
36%
LaLigaGetafe
36%
LaLigaVillareal
36%
Serie AAtalanta
33%
Ligue 1Monaco
33%
Ligue 1Rennes
33%
BundesligaSC Freiburg
33%
BundesligaWolfsburg
33%
Serie AGenoa
30%
LaLigaGranada
30%
BundesligaHoffenheim
30%
Ligue 1Lens
30%
BundesligaMonchengladbach
30%
Ligue 1Nice
30%
Serie ABologna
27%
BundesligaDarmstadt
27%
Serie AFiorentina
27%
BundesligaHeidenheim
27%
Ligue 1Montpellier
27%
BundesligaWerder Bremen
27%
LaLigaCadiz
24%
LaLigaCelta Vigo
24%
BundesligaKoln
24%
BundesligaMainz
24%
Ligue 1Nantes
24%
Serie ASassuolo
24%
Ligue 1Strasbourg
24%
Serie ATorino
24%
Serie AUdinese
24%
BundesligaVFL Bochum
24%
LaLigaAlmeria
21%
Ligue 1Toulouse
21%
Ligue 1Brest
18%
Serie ACagliari
18%
Serie AHellas Verona
18%
LaLigaLas Palmas
18%
LaLigaMallorca
18%
Serie AMonza
18%
LaLigaOsasuna
18%
Ligue 1Reims
18%
Ligue 1Clermont Foot
12%
Serie ALecce
12%
Ligue 1Le Havre
12%
Ligue 1Lorient
12%
LaLigaRayo Vallecano
12%
Ligue 1Metz
9%
Serie ASalernitana
9%
Serie AEmpoli
3%
LaLigaAlavez
0%
Serie AFrosione
0%

Score Distribution

Percentile by Number Answered

Percent of People with Each Score

Your Score History

You have not taken this quiz